| 000 | 01509nam a22003977a 4500 | ||
|---|---|---|---|
| 001 | 3535065 | ||
| 003 | OSt | ||
| 005 | 20210423064350.0 | ||
| 008 | 960620s1996 be b b 100 0 eng d | ||
| 010 | _a 96182426 | ||
| 020 | _a9054871172 | ||
| 035 | _a(OCoLC)34964419 | ||
| 040 |
_aWaU _cWaU _dDLC _beng |
||
| 041 | _aeng | ||
| 042 | _alccopycat | ||
| 043 | _ae-urk-- | ||
| 050 | 0 | 4 |
_aDK509 _b.C66 1996 |
| 080 |
_a94 _bC-78 |
||
| 082 | 0 | 0 |
_a305.8/009479 _220 |
| 100 |
_9932 _aCoppieters, Bruno _eEditor |
||
| 245 | 0 | 0 |
_aContested borders in the Caucasus / _cBruno Coppieters, ed. _b/ by: VUBPRESS |
| 260 |
_aBrussels _bVUBPRESS _aConcord, Mass. _bDistributed in the US exclusively by Paul & Company, Publishers Consortium, _cc1996. |
||
| 300 |
_a205 p. _bmaps _c24 cm. |
||
| 500 | _aPapers presented at a conference organized by the Centrum voor Politicologie, Vrije Universiteit Brussel and the Centre CRITEME, Université libre de Bruxelles, 29-30 March 1994. | ||
| 504 | _aIncludes bibliographical references. | ||
| 650 | 0 |
_aPost-communism _zCaucasus _xCongresses. |
|
| 650 | 0 |
_aHistory _9252 |
|
| 651 | 0 |
_aCaucasus _xEthnic relations _xCongresses. |
|
| 653 | _aისტორია | ||
| 653 | _aპოსტკომუნიზმი | ||
| 653 | _aკავკასია | ||
| 700 | 1 |
_aCoppieters, Bruno. _eEditor |
|
| 906 |
_a7 _bcbc _ccopycat _d2 _encip _f19 _gy-gencatlg |
||
| 942 |
_2udc _cBK |
||
| 999 |
_c1491 _d1491 |
||